Череповецкий "Водоканал" сегодня и завтра; Безопасность жизнедеятельности; № 4

Podrobná bibliografie
Parent link:Безопасность жизнедеятельности: научно-практический и учебно-методический журнал.— , 2001-
№ 4.— 2004.— С. 23-25
Hlavní autor: Силинская Л. Н.
Další autoři: Владова Е. Б.
Jazyk:ruština
Vydáno: 2004
Edice:Экологическая безопасность и охрана окружающей среды
Témata:
Médium: MixedMaterials Kapitola
KOHA link:https://koha.lib.tpu.ru/cgi-bin/koha/opac-detail.pl?biblionumber=392609

MARC

LEADER 00000naa2a2200000 4500
001 392609
005 20231101064258.0
035 |a (RuTPU)RU\TPU\prd\27998 
090 |a 392609 
100 |a 20040917a2004 k y0rusy50 ca 
101 0 |a rus 
102 |a RU 
200 1 |a Череповецкий "Водоканал" сегодня и завтра  |f Л. Н. Силинская, Е. Б. Владова 
225 1 |a Экологическая безопасность и охрана окружающей среды 
461 1 |0 (RuTPU)RU\TPU\prd\1137  |t Безопасность жизнедеятельности  |o научно-практический и учебно-методический журнал  |d 2001- 
463 1 |0 (RuTPU)RU\TPU\prd\26079  |t № 4  |v С. 23-25  |d 2004 
610 1 |a Череповец 
610 1 |a питьевая вода 
610 1 |a очистные сооружения 
610 1 |a реконструкция 
610 1 |a схемы 
610 1 |a безопасность 
610 1 |a приоритетные направления 
610 1 |a полиэтилленовые трубы 
610 1 |a бестраншейный ремонт 
610 1 |a канализация 
675 |a 627.841  |v 3 
700 1 |a Силинская  |b Л. Н. 
701 1 |a Владова  |b Е. Б. 
801 1 |a RU  |b 63413507  |c 20040917  |g PSBO 
942 |c BK